000 00532nam a2200181Ia 4500
005 20250508163549.0
008 008 250505s9999 xx 000 0 eng d
037 _aTextual
040 _aFEDL
_beng
_cFEDL
041 _aeng
_2eng
084 _a305.4, ACE
_qFEDL
245 0 _aHand book on women and law. Vol 1
260 _aDelhi, India
_bDepartment for Adult Continuing Education and Extension
_c1990
300 _a135p.
650 _aSocial Structure
942 _cTEXL
_h305.4, ACE
999 _c1384102
_d1384102